000 00620cab a2200205 4500
001 WB2838-69
008 090401t1992 xxu||||| |||| 00| 0 eng d
035 _a(Sirsi) u26528
041 _aeng
245 _aSnoops on farming crops
260 _c1992
350 _a0
490 _aWestern Mail
_v26 September 1992, 4(1)
520 _aA spy-in-the-sky satellite may snoop on farmers next year to ensure they are conforming to a list of `green` requirements imposed by MAFF.
650 _aFARMING AND FARM DIVERSIFICATION
650 _aSET-ASIDE
690 _aRURAL PRACTICE
942 _n0
948 _c04/03/1997
999 _c17834
_d17834